Comunicaciones cambiadas entre las Chancillerías de Chile y el Perú sobre la cuestiones de Facina y Arica (Record no. 46349)

MARC details
000 -LEADER
campo de control de longitud fija 00649nam a2200157 i 4500
001 - NÚMERO DE CONTROL
campo de control 46349
003 - IDENTIFICADOR DE NÚMERO DE CONTROL
campo de control ES-MaACL
007 - CAMPO FIJO DE DESCRIPCIÓN FÍSICA--INFORMACIÓN GENERAL
campo de control de longitud fija t|
008 - DATOS DE LONGITUD FIJA--INFORMACIÓN GENERAL
campo de control de longitud fija 030328s1908 cl ||||1| spa d
245 00 - MENCIÓN DEL TÍTULO
Título Comunicaciones cambiadas entre las Chancillerías de Chile y el Perú sobre la cuestiones de Facina y Arica
Resto del título : (1905 a 1908) : observaciones a la nota del exmo Sr. Leoanne de 8 de Mayo de 1908.
260 ## - PUBLICACIÓN, DISTRIBUCIÓN, ETC.
Lugar de publicación, distribución, etc. Santiago de Chile :
Nombre del editor, distribuidor, etc. [s.n.,
Fecha de publicación, distribución, etc. 1908] (
Fabricante Imp. Barcelona)
300 ## - DESCRIPCIÓN FÍSICA
Extensión 244 p.
500 ## - NOTA GENERAL
Nota general Precede al tít.: Ministerio de Relaciones Exteriores de Chile.
710 1# - ENTRADA AGREGADA--NOMBRE DE ENTIDAD CORPORATIVA
Nombre de entidad corporativa o nombre de jurisdicción como elemento de entrada Chile.
Unidad subordinada Ministerio de Relaciones Exteriores.
9 (RLIN) 2802
852 ## - LOCALIZACIÓN
Ubicación ES-MaACL
Número de control de estantería G-4930
Holdings
Estatus retirado Estado de pérdida Estado de daño No para préstamo Biblioteca de origen Biblioteca actual Ubicación en estantería Fecha de adquisición Fuente de adquisición Total de préstamos Signatura topográfica completa Código de barras Visto por última vez Precio de reemplazo Tipo de ítem Koha
        Biblioteca del Ateneo de Madrid Biblioteca del Ateneo de Madrid Depósito 2 17/01/2008     G-4930 1048747 23/02/2023 23/02/2023 Libro impreso